02030nam a2200385 i 450000100090000000300090000900500170001800800410003502000260007602000220010203500200012404000430014408200210018710000380020824501390024625000190038526400530040426400100045730000550046733600260052233700280054833800270057650400510060350505610065465000350121565000380125065000340128865300230132265500170134570000380136290600450140094200120144599900170145795201700147417161474EG-ScBUE20230212043646.0120208t2018 nyua f b 001 0 eng d a9780132724159 (pbk.) a0132724154 (pbk.) a(DNLM)101577924 aDNLM/DLCbengerdacDLCdDLCdEG-ScBUE04a616.028222bPER1 aPerrin, Kathleen Ouimet,eauthor.10aUnderstanding the essentials of critical care nursing /cKathleen Ouimet Perrin, Ph.D, RN, CCRN Carrie Edgerly MacLeod, Ph.D, APRN-BC. aThird edition. 1aNew York, NY :bPearson Education, Inc.,c[2018] 4cc2018 axvi, 623 p. :billustrations (some color) ;c28 cm 2rdacontentatextbtxt 2rdamediaaunmediatedbn 2rdacarrieravolumebnc aIncludes bibliographical references and index.0 aWhat is critical care? -- Care of critical ill patients -- Respiratory failure -- Interpretation and management of basic dysrhythmias -- Cardiodynamics/ hemodynamics -- Shock -- Heart failure -- Acute coronary syndrome -- Traumatic injury -- Intracranial dysfunction -- Cerebral or cerbrovascular disorder -- Alcohol withdrawal and liver failure -- Acute gastrointestinal bleed of pancreatitis -- Care of the patient with problems in glucose metabolism -- Care of the patient with acute kidney injury -- Transplant -- Burn patient -- Sepsis -- End of life. 7aCritical Carexmethods.2BUEsh 7aCritical Illnessxnursing.2BUEsh 7aNursing Carexmethods.2BUEsh bNNURcFebruary2023 vReading book1 aMacLeod, Carrie Edgerly,eauthor. a7bcbccorignewd1eecipf20gy-gencatlg 2ddccBB c30121d30092 00102ddc40708BaccahaMAINbMAINc1STd2023-02-12ePurchaseg425.00h37173l1m10o616.028 PERp000044749r2025-07-15 00:00:00s2024-01-04v531.25w2023-02-12yBB